|
|
|
|
| LEADER |
01092nab a2200313 i 4500 |
| 001 |
publ4111 |
| 005 |
20180801112702.0 |
| 008 |
140204s2013 hu o 0|| zxx d |
| 022 |
|
|
|a 0743-7463
|
| 024 |
7 |
|
|a 10.1021/la304540b
|2 doi
|
| 024 |
7 |
|
|a 2155750
|2 mtmt
|
| 040 |
|
|
|a SZTE Publicatio Repozitórium
|b hun
|
| 041 |
|
|
|a zxx
|
| 100 |
1 |
|
|a Ciesielski Artur
|
| 245 |
1 |
0 |
|a Self-assembly of N-3-substituted xanthines in the solid state and at the solid-liquid interface
|h [elektronikus dokumentum] /
|c Ciesielski Artur
|
| 260 |
|
|
|a American Chemical Society
|c 2013
|
| 300 |
|
|
|a 7283-7290
|
| 490 |
0 |
|
|a Langmuir
|v 29 No. 24
|
| 700 |
0 |
1 |
|a Haar Sébastien
|e aut
|
| 700 |
0 |
1 |
|a Bényei Attila Csaba
|e aut
|
| 700 |
0 |
1 |
|a Paragi Gábor
|e aut
|
| 700 |
0 |
1 |
|a Guerra Célia Fonseca
|e aut
|
| 700 |
0 |
1 |
|a Bickelhaupt F. Matthias
|e aut
|
| 700 |
0 |
1 |
|a Masiero Stefano
|e aut
|
| 700 |
0 |
1 |
|a Szolomájer János
|e aut
|
| 700 |
0 |
1 |
|a Samorì Paolo
|e aut
|
| 700 |
0 |
1 |
|a Spada Gian Piero
|e aut
|
| 700 |
0 |
1 |
|a Kovács Lajos
|e aut
|
| 856 |
4 |
0 |
|u http://publicatio.bibl.u-szeged.hu/4111/1/showGalleyPdf_Langmuir.pdf
|z Dokumentum-elérés
|